000 00565nam a2200145 4500
999 _c16054
_d16054
008 210216b ||||| |||| 00| 0 eng d
022 _a0732-8435
082 _aDPer 657.05 C33 Sept-Dec 2011, v. 81 n. 9-12
100 _aCheng, Kang.
_943037
245 _aAccounting for servicing assets:
_ba reporting challenge for executives and financial statement users/
_cKang Cheng.
260 _aNew York:
_bThe New York State Society of CPA,
_c©2011.
300 _av81 n10, pages 24-29:
_bcolor illustrations;
_c28 cm.
650 _aAccounting.
_943038
942 _2ddc
_cPER